Szczegóły MARC21

Historia filozofii. T. 1, Filozofia starożytna i średniowieczna /

003 -Nazwa inst., której nr kontr. jest w polu 001 [,]
    • @
    • Nazwa instytucji, której n kontrolny jest w polu 001
    • NUKAT
005 -DATA I CZAS OSTATNIEJ MODYFIKACJI [,]
    • @
    • pole kontrolne
    • 20241231110825.0
020 -Międzynarod. znormalizowany nr książki - ISBN [ , ]
    • a
    • Numer ISBN
    • 8301086505 Find
    • q
    • Dopowiedzenie
    • całość
020 -Międzynarod. znormalizowany nr książki - ISBN [ , ]
    • a
    • Numer ISBN
    • 8301086513 Find
    • q
    • Dopowiedzenie
    • t. 1
040 -Instytucja sporządzająca opis [ , ]
    • a
    • Instytucja, która sporządziła opis (NP)
    • Ł 68/DI
    • b
    • Język katalogowania
    • pol
    • e
    • Zasady katalogowania
    • rda
    • c
    • Instytucja, która sporządziła rekord (NP)
    • Ł 68/DI
    • d
    • Instytucja, która zmodyfikowała rekord (P)
    • Ł 68/MJ
    • d
    • Instytucja, która zmodyfikowała rekord (P)
    • WA U/EBs
    • d
    • Instytucja, która zmodyfikowała rekord (P)
    • GL 001/FAK
    • d
    • Instytucja, która zmodyfikowała rekord (P)
    • KAT 001/PD
    • d
    • Instytucja, która zmodyfikowała rekord (P)
    • GL 001/FMM
942 -Rodzaj dokumentu [ , ]
    • c
    • Rodzaj dokumentu
    • Książka
100 -Hasło główne - nazwa osobowa [1, ]
    • a
    • Nazwa osobowa (NP)
    • Tatarkiewicz, Władysław
    • d
    • Daty biograficzne (NP)
    • (1886-1980).
    • e
    • Rodzaj współpracy
    • Autor
    • 9
    • KHW
    • 7627
245 -Strefa tytułu i oznaczenia odpowiedzialności [1,0]
    • a
    • Tytuł
    • Historia filozofii. Find
    • n
    • Oznaczenie części (P)
    • T. 1,
    • p
    • Nazwa części (P)
    • Filozofia starożytna i średniowieczna /
    • c
    • Pozostałe elementy strefy tytułu i oznaczenia odpowiedzialności (NP)
    • Władysław Tatarkiewicz.
246 -Wariant tytułu [3,0]
    • a
    • Tytuł (NP)
    • Filozofia starożytna i średniowieczna
250 -Strefa wydania [ , ]
    • a
    • Oznaczenie wydania (NP)
    • Wydanie jedenaste.
260 -Strefa adresu wydawniczego [ , ]
    • a
    • Miejsce wydania (P)
    • Warszawa :
    • b
    • Nazwa wydawcy (P)
    • Państwowe Wydawnictwo Naukowe,
    • c
    • Data wydania (P)
    • 1988.
300 -Strefa opisu fizycznego [ , ]
    • a
    • Określenie formy książki i/lub objętość (NP)
    • 386, [2] strony, [22] strony tablic :
    • b
    • Oznaczenie ilustracji (NP)
    • ilustracje ;
    • c
    • Format (NP)
    • 25 cm.
336 -Typ zawartości [ , ]
    • a
    • Termin opisujący typ zawartości
    • Tekst
    • b
    • Kod określający zawartość
    • txt
    • 2
    • Źródło (terminu i kodu)
    • rdacontent
337 -Typ mediów [ , ]
    • a
    • Tryb odtwarzania
    • Bez urządzenia pośredniczącego
    • b
    • Kod typu mediów
    • n
    • 2
    • Źródło (terminu i kodu)
    • rdamedia
338 -Typ/rodzaj nośnika [ , ]
    • a
    • Hasło opisujące typ nośnika
    • Wolumin
    • b
    • Kod typu nośnika
    • nc
    • 2
    • Źródło (terminu i kodu)
    • rdacarrier
504 -Uwaga dot. bibliogr. załącznikowej [ , ]
    • a
    • Uwaga dot. bibliografii załącznikowej
    • Bibliografia na stronach 316-382.
080 -Uniwersalna Klasyfikacja Dziesiętna [ , ]
    • a
    • Symbol klasyfikacji
    • 1(091)
    • 9
    • UKD
    • 2362
    • 2
    • Identyfikator wydania tablic
    • UDC-P058
    • b
    • Dopowiedzenie
    • Historia filozofii.
650 -Hasło przedmiotowe [ ,7]
    • a
    • Hasło przedmiotowe
    • Filozofia starożytna.
    • 2
    • Źródło terminu
    • kaba
    • 9
    • KHW
    • 108769
650 -Hasło przedmiotowe [ ,7]
    • a
    • Hasło przedmiotowe
    • Filozofia średniowieczna.
    • 2
    • Źródło terminu
    • kaba
    • 9
    • KHW
    • 108776
980 -Symbol UKD [ , ]
    • a
    • UKD
    • 1(091)
710 -Hasło dodatkowe - nazwa ciała zbiorowego [2, ]
    • a
    • Nazwa ciała zbiorowego lub nazwa geograficzna jako pierwszy element (NP)
    • Państwowe Wydawnictwo Naukowe (1951-1992).
    • e
    • Rodzaj współpracy
    • Wydawca
    • 4
    • Kod relacji
    • pbl
    • 9
    • KHW
    • 52048
856 -Dostęp do wersji elektronicznej [4,8]
    • 3
    • Wyszczególnienie materiału
    • Okładka
920 -ISBN [ , ]
    • a
    • ISBN
    • 83-01-08650-5 Find
    • q
    • Dopowiedzenie
    • całość
920 -ISBN [ , ]
    • a
    • ISBN
    • 83-01-08-651-3 Find
    • q
    • Dopowiedzenie
    • t. 1
Numer inwentarzowy Sygnatura Status udost. Lokalizacja Data inwentaryzacji
E.57616 -2BE1997-02-28
S.63789 2BE1997-02-28
S.77743 -3BE1997-02-28
S.63832 2BE1997-02-28
S.63833 2BE1997-02-28
S.63834 2BE1997-02-28
S.63835 2BE1997-02-28
S.63836 2BE1997-02-28
S.63837 2BE1997-02-28
S.63838 2BE1997-02-28
S.63839 2BE1997-02-28
S.63840 2BE1997-02-28
S.63841 2BE1997-02-28
S.63842 2BE1997-02-28
S.63843 2BE1997-02-28
S.63844 2BE1997-02-28
S.63845 2BE1997-02-28
S.63846 2BE1997-02-28
S.63847 2BE1997-02-28
S.63848 2BE1997-02-28
S.63849 2BE1997-02-28
S.63850 2BE1997-02-28
S.63851 2BE1997-02-28
S.63852 2BE1997-02-28
S.63853 2BE1997-02-28
S.63854 2BE1997-02-28
S.63855 2BE1997-02-28
S.63856 2BE1997-02-28
S.63857 2BE1997-02-28
S.63858 2BE1997-02-28
S.63859 2BE1997-02-28
S.63860 2BE1997-02-28
S.63861 2BE1997-02-28
S.63862 2BE1997-02-28
S.63863 2BE1997-02-28
S.63864 2BE1997-02-28
S.63865 2BE1997-02-28
S.63866 2BE1997-02-28
S.63867 2BE1997-02-28
S.63868 2BE1997-02-28
S.63869 2BE1997-02-28
S.63870 2BE1997-02-28
S.63871 2BE1997-02-28
S.63872 2BE1997-02-28
S.63873 2BE1997-02-28
S.63874 2BE1997-02-28
S.63875 2BE1997-02-28
S.63876 2BE1997-02-28
S.63877 2BE1997-02-28
S.63878 2BE1997-02-28
S.63879 2BE1997-02-28
S.63880 2BE1997-02-28
Z.72750Z.72750-6BG1997-02-28
W.157228 -5BG1997-02-28
W.157229W.1154622BG1997-02-28
W.157230W.115462-5BG1997-02-28
W.157231 -5BG1997-02-28
W.157232W.1154622BG1997-02-28
W.157233 -5BG1997-02-28
W.157234 -5BG1997-02-28
W.157235 -5BG1997-02-28
W.157236 -5BG1997-02-28
W.157237 -5BG1997-02-28
W.157238W.1154622BG1997-02-28
W.157239 -5BG1997-02-28
W.157240 -5BG1997-02-28
W.157241 -5BG1997-02-28
W.157242W.1154622BG1997-02-28
W.157243W.1154622BG1997-02-28
W.157244 -5BG1997-02-28
W.157245W.1154622BG1997-02-28
W.157246W.1154622BG1997-02-28
W.157247 -5BG1997-02-28
W.157248W.1154622BG1997-02-28
W.157249W.1154622BG1997-02-28
W.157250W.1154622BG1997-02-28
W.157251W.115462-6BG1997-02-28
W.157252W.1154622BG1997-02-28
W.157253W.1154622BG1997-02-28
W.157254 2BG1997-02-28
W.157255 -5BG1997-02-28
W.157256 -5BG1997-02-28
W.157257W.1154622BG1997-02-28
W.157258W.1154622BG1997-02-28
W.157259W.1154622BG1997-02-28
W.157260W.1154622BG1997-02-28
W.157261W.1154622BG1997-02-28
W.157262W.1154622BG1997-02-28
W.157263W.1154622BG1997-02-28
W.157264W.1154622BG1997-02-28
W.157265W.1154622BG1997-02-28
W.157266 2BG1997-02-28
W.157267 -5BG1997-02-28
W.157268W.1154622BG1997-02-28
W.157269W.1154622BG1997-02-28
W.157270W.115462-5BG1997-02-28
R.5232 -3BM1997-02-28
WF.3029 1BM 
H.1233 2BNS1997-02-28
Pd.3480BWTeologii2TH1997-02-28